000 01257nac a22003251u 4500
003 EG-ScBUE
005 20220822100654.0
008 200219s2001 enka f b 001 0 eng d
020 _a0750644362
020 _a9780750644365
040 _aEG-ScBUE
_beng
_erda
_cEG-ScBUE
_dEG-ScBUE
082 0 4 _a720.2840285
_bSZA
_222
100 1 _aSzalapaj, Peter,
_eauthor.
245 1 0 _aCAD principles for architectural design :
_banalytical approaches to computational representation of architectural form /
_cPeter Szalapaj.
264 1 _aOxford :
_bArchitectural Press,
_c2001.
300 _axiv, 242 pages :
_billustrations ;
_c25 cm
336 _2rdacontent
_atext
_btxt
337 _2rdamedia
_aunmediated
_bn
338 _2rdacarrier
_avolume
_bnc
500 _aDistributer: Al-Ahram
504 _aIncludes bibliographical references and index.
650 7 _aArchitectural design
_xData processing.
_2BUEsh
650 7 _aComputer-aided design.
_2BUEsh
651 _2BUEsh
653 _bENGARC
655 _vReading book
_934232
856 4 2 _3Publisher description
_uhttp://www.loc.gov/catdir/description/els031/00056930.html
856 4 2 _3Table of contents
_uhttp://www.loc.gov/catdir/toc/els031/00056930.html
942 _cBB
_k720.2840285 SZA
_2ddc
999 _c9621
_d9621